Statistics for The Office (U.S) Trivia - Hard

Click here to take the quiz!

General Stats

  • This quiz has been taken 247 times
  • The average score is 10 of 15

Answer Stats

HintAnswer% Correct
The name of any of Angela's catsSprinkles, Garbage, Bandit, Bandit Two, Mr Ash, Princess Lady, Petals, Comstock, Ember, Milky Way, Diane, Lumpy, Philip, Tinkie, Crinklepuss, Pawlick, Baggins, Lady Aragorn
97%
Any one of the original members of The Finer Things ClubPam, Oscar, Toby
91%
Michael's prized possession that Jan destroys in the episode "Dinner Party"Plasma TV
87%
The Sales team member that Michael went to high school withPhyllis
86%
How did former brach manager, Ed Truck, die?Decapitation
82%
The Dundie that Michael gives Ryan when he starts as a tempHottest in the Office
80%
Any item (besides the note) that Jim gave Pam in the teapotCasette, Boggle timer, minigolf pencil, photo of Jim in highschool, hot sauce packets
73%
What Michael eats in "Survivor Man" that causes Dwight to rescue himPoisonous mushrooms
71%
Pam's mum nameHelene
67%
The name of Kevin's bandScrantonicity
60%
The disease that is revealed Kevin suffers from in the episode "Health Care"Anal Fissures
54%
The Stock Symbol for Dunder MifflinDMI
48%
The name of Hunter's singleThat One Night
45%
Erin's character name in Murder MysteryNaughty Nelly
36%
The name of Jo Bennett's autobiographyTake a Good Look
8%

Score Distribution

Percentile by Number Answered

Percent of People with Each Score

Your Score History

You have not taken this quiz